Can a person be left alone at their place of work? (Record no. 114413)

MARC details
000 -LEADER
fixed length control field 00744cad a22001935a 4500
001 - CONTROL NUMBER
control field L156787
008 - FIXED-LENGTH DATA ELEMENTS--GENERAL INFORMATION
fixed length control field 120716e2012 xxk 000 0 eng d
035 ## - SYSTEM CONTROL NUMBER
System control number (Sirsi) u156787
041 0# - LANGUAGE CODE
Language code of text/sound track or separate title eng
110 2# - MAIN ENTRY--CORPORATE NAME
Corporate name or jurisdiction name as entry element Great Britain
Subordinate unit Health and Safety Executive
245 00 - TITLE STATEMENT
Title Can a person be left alone at their place of work?
Medium [electronic resource]
260 ## - PUBLICATION, DISTRIBUTION, ETC.
Place of publication, distribution, etc. [S.l.]
Name of publisher, distributor, etc. HSE
Date of publication, distribution, etc. 2012
520 ## - SUMMARY, ETC.
Summary, etc. Provides guidance on the main pieces of legislation that apply and risk assessment for people who are working alone.
590 ## - LOCAL NOTE (RLIN)
Local note KA NTK
651 #4 - SUBJECT ADDED ENTRY--GEOGRAPHIC NAME
Geographic name Great Britain
Chronological subdivision 1707-
690 ## - LOCAL SUBJECT ADDED ENTRY--TOPICAL TERM (OCLC, RLIN)
Topical term or geographic name as entry element Health and safety
9 (RLIN) 6244
856 40 - ELECTRONIC LOCATION AND ACCESS
Uniform Resource Identifier <a href="https://www.hse.gov.uk/contact/faqs/workalone.htm?eban=rss-">https://www.hse.gov.uk/contact/faqs/workalone.htm?eban=rss-</a>
Public note View the web page free of charge at www.hse.gov.uk
942 ## - ADDED ENTRY ELEMENTS (KOHA)
Suppress in OPAC 0
Holdings
Withdrawn status Lost status Source of classification or shelving scheme Damaged status Not for loan Home library Current library Shelving location Date acquired Total Checkouts Full call number Barcode Date last seen Copy number Price effective from Koha item type
    Dewey Decimal Classification     Virtual Virtual Online 16/07/2012   ONLINE PUBLICATION 156787-2001 06/08/2019 1 06/08/2019 Book